000 00415nam a22001577a 4500
999 _c60544
_d60544
005 20230817120222.0
008 230817s1980 gw ||||| |||| 00| 0 ger d
041 _ager
080 _a902 W-42
100 _aWeidert, Werner K.
_919685
245 _aArchäologie /
_cWerner K. Weidert.
264 _aPraha,
_c1980.
300 _a61 p.
_bill. ;
_c30 cm.
653 _aარქეოლოგია
942 _2udc
_cBK